Russkaia proza : sbornik statei /

Saved in:
Bibliographic Details
Other Authors: Tyn]i]anov, ]I]Uri]i Nikolaevich, 1894-1943, Eikhenbaum, Boris Mikhailovich, 1886-1959
Format: Book
Language:Russian
Published: The Hague : Mouton, 1963.
Series:Slavistic printings and reprintings ; 48
Subjects:
LEADER 00989nam a22002411a 4500
001 c000110791
003 CARM
005 19960704000000.0
008 881027s1963 ne 000 0 rus d
019 1 |a 12622225  |5 LACONCORD2021 
035 |a (OCoLC)221469549  |5 LACONCORD2021 
040 |a QU  |b eng  |c QU 
050 0 0 |a PG2933  |b .E38 
245 0 0 |a Russkaia proza :  |b sbornik statei /  |c K. Skipinoi ... [et al.] ; pod red. B. Eikhenbauma i IU. Tynianova. 
260 |a The Hague :  |b Mouton,  |c 1963. 
300 |a 261p ;  |c 25cm. 
440 0 |a Slavistic printings and reprintings ;  |v 48 
650 0 |a Russian prose literature  |x History and criticism. 
700 1 |a Tyn]i]anov, ]I]Uri]i Nikolaevich,  |d 1894-1943. 
700 1 |a Eikhenbaum, Boris Mikhailovich,  |d 1886-1959. 
852 8 |b CARM  |h A2:AI11E0  |i C03138  |p 0141325  |f BK 
999 f f |i b0443dfa-032a-5258-8f5e-ca37b3007702  |s d292620e-7ac4-5bbb-a3dd-f5f884d2b740 
952 f f |p Can circulate  |a CAVAL  |b CAVAL  |c CAVAL  |d CARM 1 Store  |e C03138  |f A2:AI11E0  |h Other scheme  |i book  |m 0141325